000 00585nam a2200181Ia 4500
008 090123s9999 xx 000 0 und d
082 _b34303
100 _aदेशपांडे वि.भा.
245 _aभावलेली नाटके
250 _a1
260 _bश्रीपाद प्रकाशन
_c2002
300 _a240
600 _aदेशपांडे वि.भा.
630 _aभावलेली नाटके
700 _aदेशपांडे वि.भा.
730 _aभावलेली नाटके
942 _cBOOK
999 _c72344
_d72344